00574 2200229 4500001002100000005001500021035002000036008004100056245004200097100001400139250001000153260003700163300002800200020002200228084002000250082001400270650002000284990001000304990001000314990001000324990001000334INLIS00000000001205720260424083243 a0010-0426000028260424 g 1 ind 1 aSatrawan salah pergaulan /cPuthut Ea aPuthut Ea aCet.1 aYogyakarta :bMojok Group,c2019 avi, 106 hlm ;c12x18 cm a978-623-7284-08-6 a899.221 3 PUT s a899.221 3 4aFiksi Indonesia a58291 a58292 a58293 a58294